[Event "I Open A"]
[Site "Civitanova Marche ITA"]
[Date "2006.08.02"]
[Round "5"]
[White "Barletta, Antonio"]
[Black "Stromboli, Carlo"]
[Result "0-1"]
[WhiteElo "2097"]
[BlackElo "2196"]
[PlyCount "77"]
[EventDate "2006.07.29"]

1. e4 e5 2. Nf3 Nc6 3. Bb5 a6 4. Ba4 Nf6 5. d3 b5 6. Bb3 Bc5 7. Nc3 h6 8. a4 b4
9. Nd5 d6 10. a5 O-O 11. c3 Rb8 12. h3 Rb5 13. Ba4 Rxa5 14. Bd2 Nxd5 15. exd5
bxc3 16. bxc3 Ne7 17. c4 Rxa4 18. Rxa4 f5 19. O-O e4 20. Ne1 Ng6 21. Qe2 Qh4
22. Be3 Nf4 23. Bxf4 Qxf4 24. Ra2 Qg5 25. Kh2 Qg6 26. f3 f4 27. fxe4 Qg3+ 28.
Kh1 Bxh3 29. Qf3 Bg4 30. Qxg3 fxg3 31. Rxf8+ Kxf8 32. Rxa6 g5 33. Nf3 Be3 34.
Rc6 h5 35. Rxc7 h4 36. Rh7 Kg8 37. Rh6 Kg7 38. Rxd6 Bxf3 39. Rd7+ 0-1

[Event "I Open A"]
[Site "Civitanova Marche ITA"]
[Date "2006.08.02"]
[Round "5"]
[White "Brancaleoni, Maurizio"]
[Black "Ferri, Stefano"]
[Result "1-0"]
[WhiteElo "2275"]
[BlackElo "2121"]
[PlyCount "191"]
[EventDate "2006.07.29"]

1. c4 Nf6 2. Nc3 g6 3. e4 d6 4. d4 Bg7 5. Be2 O-O 6. Be3 e5 7. d5 Nbd7 8. g4
Nc5 9. Bf3 a5 10. h4 Ne8 11. h5 h6 12. Qd2 g5 13. Bd1 b6 14. f3 Bd7 15. b3 Qe7
16. Nge2 Bf6 17. Bc2 Ng7 18. Kf2 Rfc8 19. Ng3 Qe8 20. Rhc1 Be7 21. Qd1 f6 22.
a3 Kh8 23. Ra2 Bf8 24. Rca1 Be7 25. b4 Nb7 26. Ba4 Kh7 27. Bxd7 Qxd7 28. Qb3
Ra6 29. Ke2 Bf8 30. Kd3 Rca8 31. Bf2 Be7 32. Kc2 Bf8 33. Be3 Qf7 34. Nb5 Ne8
35. Bd2 Rc8 36. Nc3 Rca8 37. Nf5 Rc8 38. Ne3 Rca8 39. Nb5 Rc8 40. Qd3 Rca8 41.
Kb3 Qd7 42. Nf5 Qf7 43. Kb2 Qd7 44. Ng3 Qf7 45. Ne2 Qd7 46. Nc1 Qf7 47. Nb3 a4
48. Nc1 Qd7 49. Ne2 Nd8 50. Nec3 Nb7 51. Rf1 Bg7 52. Raa1 Rc8 53. Rac1 Rca8 54.
Ka2 Nd8 55. Nd1 Kh8 56. Nbc3 Nb7 57. Kb1 Qf7 58. Nb2 R6a7 59. Be3 Bf8 60. Kc2
Ra6 61. Kd2 Kg7 62. Rb1 Kh8 63. Qc2 Qd7 64. Nd3 Rc8 65. Ke2 Rca8 66. Rfc1 Ng7
67. Qd1 Ne8 68. Kf2 R6a7 69. Qf1 Ra6 70. Ne2 Qf7 71. Ng3 Qd7 72. Kg2 Qf7 73.
Nf5 Qd7 74. Kg3 Qf7 75. c5 dxc5 76. bxc5 Na5 77. Nb4 R6a7 78. cxb6 cxb6 79.
Bxb6 Rb7 80. Bxa5 Rxa5 81. Rc8 Rc5 82. Na6 Rb3 83. Rxb3 axb3 84. Rb8 Kh7 85.
Qb1 Rc3 86. Rxb3 Rc4 87. Rb7 Nc7 88. Qb6 Bc5 89. Qxc7 Qxc7 90. Rxc7+ Kg8 91.
Ne7+ Kf8 92. Ng6+ Ke8 93. Nxc5 f5 94. gxf5 g4 95. Rc8+ Kf7 96. Nxe5+ 1-0

[Event "I Open A"]
[Site "Civitanova Marche ITA"]
[Date "2006.08.02"]
[Round "5"]
[White "Brunello, Sabino"]
[Black "Piscopo, Pierluigi"]
[Result "1-0"]
[WhiteElo "2391"]
[BlackElo "2393"]
[PlyCount "103"]
[EventDate "2006.07.29"]

1. e4 c5 2. Nf3 e6 3. d4 cxd4 4. Nxd4 Nc6 5. Nc3 Qc7 6. Be3 a6 7. Qd2 Nf6 8.
O-O-O Bb4 9. f3 Ne7 10. Nde2 d5 11. a3 Bxc3 12. Nxc3 Bd7 13. Bf4 Qb6 14. Be5
O-O-O 15. Bd4 Qc7 16. Bxf6 gxf6 17. exd5 exd5 18. Qd4 f5 19. Bd3 Be6 20. Ne2
Nc6 21. Qf6 Qe5 22. Qxe5 Nxe5 23. Nf4 Ng6 24. Nh5 Nh4 25. Bf1 Rhg8 26. Nf4 Ng6
27. Rd4 Ne5 28. Be2 Nc6 29. Rd2 d4 30. Re1 Rge8 31. Bd3 Bd7 32. Rde2 Rxe2 33.
Rxe2 b5 34. Nh5 Be6 35. Nf4 Bc4 36. Bxf5+ Kc7 37. Rd2 b4 38. axb4 Nxb4 39. b3
Bf1 40. Nh5 a5 41. Ng3 Bb5 42. Bxh7 Nc6 43. Be4 Ne5 44. Nf5 d3 45. c4 Bd7 46.
Ne3 a4 47. bxa4 Bxa4 48. Kb2 Bc6 49. Bxc6 Kxc6 50. Kc3 Rh8 51. h3 Rh4 52. Ng4
1-0

[Event "I Open A"]
[Site "Civitanova Marche ITA"]
[Date "2006.08.02"]
[Round "5"]
[White "Buratti, Marco"]
[Black "Altini, Daniele"]
[Result "0-1"]
[WhiteElo "2018"]
[BlackElo "2292"]
[PlyCount "76"]
[EventDate "2006.07.29"]

1. e4 c5 2. Nc3 Nc6 3. Bc4 e6 4. d3 a6 5. a4 d6 6. Nge2 Nf6 7. Ng3 Be7 8. O-O
h5 9. Re1 h4 10. Nf1 h3 11. g3 d5 12. Ba2 d4 13. Nb1 e5 14. Bg5 Bd7 15. Nbd2
Ng8 16. Qf3 f6 17. Nc4 Nb4 18. Bb3 Nc6 19. a5 Qc7 20. Nb6 Rd8 21. Nd2 Qb8 22.
Nf1 Bd6 23. Bd2 Bc7 24. Nxd7 Rxd7 25. g4 Nge7 26. Be6 Rd6 27. Bc4 Qc8 28. Ng3
Rh4 29. Nf5 Nxf5 30. exf5 g5 31. c3 Bxa5 32. Rxa5 Nxa5 33. Bxg5 fxg5 34. Rxe5+
Kf8 35. Be6 Qc6 36. Re4 Qa4 37. Re1 dxc3 38. f6 Rxe6 0-1

[Event "I Open A"]
[Site "Civitanova Marche ITA"]
[Date "2006.08.02"]
[Round "5"]
[White "Calavalle, Giulio"]
[Black "Brunello, Roberta"]
[Result "1-0"]
[WhiteElo "2200"]
[BlackElo "1863"]
[PlyCount "41"]
[EventDate "2006.07.29"]

1. e4 e5 2. Nf3 Nc6 3. Bb5 a6 4. Ba4 d6 5. d4 b5 6. Bb3 Nxd4 7. Nxd4 exd4 8.
Bd5 Rb8 9. Qxd4 Nf6 10. Nc3 Bd7 11. Qd3 g6 12. Be3 c6 13. Bb3 Qe7 14. f3 Bg7
15. Bf4 Bf8 16. O-O-O c5 17. Bd5 Nh5 18. Be3 Bg7 19. g4 Nf6 20. Bf4 c4 21. Qe3
1-0

[Event "I Open A"]
[Site "Civitanova Marche ITA"]
[Date "2006.08.02"]
[Round "5"]
[White "Castaldo, Folco"]
[Black "Di Caro, Calogero"]
[Result "1/2-1/2"]
[WhiteElo "2336"]
[BlackElo "2340"]
[PlyCount "27"]
[EventDate "2006.07.29"]

1. e4 e6 2. d4 d5 3. Nd2 dxe4 4. Nxe4 Nd7 5. Nf3 Ngf6 6. Nxf6+ Nxf6 7. Bd3 c5
8. dxc5 Bxc5 9. O-O O-O 10. Bg5 b6 11. Qe2 Bb7 12. Rad1 Qc7 13. Bxf6 gxf6 14.
Be4 1/2-1/2

[Event "I Open A"]
[Site "Civitanova Marche ITA"]
[Date "2006.08.02"]
[Round "5"]
[White "Pulito, Alberto"]
[Black "D'Andrea, Stefano"]
[Result "1-0"]
[WhiteElo "2215"]
[BlackElo "2115"]
[PlyCount "107"]
[EventDate "2006.07.29"]

1. e4 d6 2. d4 Nf6 3. Nc3 c6 4. f3 Nbd7 5. Be3 Qb6 6. Rb1 d5 7. Qd2 e6 8. e5
Ng8 9. f4 Qa5 10. Nf3 Ne7 11. Bd3 Nf5 12. Bf2 Bb4 13. a3 Bxc3 14. Qxc3 Qc7 15.
g4 Nh6 16. h3 b6 17. Qd2 a5 18. f5 Ng8 19. Bh4 Nf8 20. Rf1 Ba6 21. Bxa6 Rxa6
22. Ng5 Nh6 23. c3 Ra7 24. Rc1 Qc8 25. f6 gxf6 26. Ne4 dxe4 27. Bxf6 Rg8 28.
Qxh6 Rg6 29. Qe3 Nd7 30. Qxe4 c5 31. Rd1 Nxf6 32. Rxf6 cxd4 33. Rxd4 Rd7 34. a4
Ke7 35. Qf3 Rg7 36. Rdf4 Qe8 37. c4 Kf8 38. Qe3 Qd8 39. Ke2 Qc7 40. Rxe6 Re7
41. Qa3 Qc5 42. Qxc5 bxc5 43. Rxe7 Kxe7 44. Ke3 h5 45. gxh5 Rg3+ 46. Rf3 Rg5
47. Ke4 Rxh5 48. Kd5 f6 49. Rxf6 Rxh3 50. Kxc5 Re3 51. Rb6 Rxe5+ 52. Kd4 Rh5
53. Rb5 Rh4+ 54. Kc5 1-0

[Event "I Open A"]
[Site "Civitanova Marche ITA"]
[Date "2006.08.02"]
[Round "5"]
[White "Rinaudo, Andrea"]
[Black "Madan, Augustin"]
[Result "0-1"]
[WhiteElo "2116"]
[BlackElo "2411"]
[PlyCount "60"]
[EventDate "2006.07.29"]

1. e4 e6 2. d4 d5 3. exd5 exd5 4. Bd3 Nc6 5. c3 Bd6 6. Nf3 Bg4 7. O-O Nge7 8.
Re1 Qd7 9. b4 O-O-O 10. a4 Rde8 11. a5 Ng6 12. Be3 f6 13. b5 Nd8 14. Nbd2 Nf4
15. b6 a6 16. Bxf4 Bxf4 17. bxc7 Rxe1+ 18. Qxe1 Bxc7 19. h3 Bf5 20. Qb1 Bxd3
21. Qxd3 Ne6 22. Nb3 Nf4 23. Qf1 Bd6 24. c4 Re8 25. Re1 Rxe1 26. Qxe1 dxc4 27.
Nc5 Bxc5 28. dxc5 c3 29. Kh2 c2 30. Qe3 Ne2 0-1

[Event "I Open A"]
[Site "Civitanova Marche ITA"]
[Date "2006.08.02"]
[Round "5"]
[White "Ruggeri, Pietro"]
[Black "Guidi, Maurizio"]
[Result "1/2-1/2"]
[WhiteElo "2123"]
[BlackElo "2090"]
[PlyCount "72"]
[EventDate "2006.07.29"]

1. d4 Nf6 2. Bg5 g6 3. Bxf6 exf6 4. c4 Bg7 5. Nc3 O-O 6. g3 d6 7. Bg2 f5 8. e3
Nd7 9. Nge2 Nf6 10. O-O Re8 11. Nf4 c6 12. h4 h6 13. Rc1 g5 14. hxg5 hxg5 15.
Nh5 Nxh5 16. Qxh5 Re6 17. d5 Rh6 18. Qf3 c5 19. Rfe1 Be5 20. Qe2 f4 21. exf4
gxf4 22. gxf4 Rg6 23. Qf3 Bg4 24. Qg3 Bf5 25. fxe5 Rxg3 26. fxg3 Qg5 27. exd6
Qxg3 28. Ne4 Bxe4 29. Rxe4 Rd8 30. Rc3 Qxd6 31. Kf2 Qf6+ 32. Ke2 Rd6 33. Re8+
Kg7 34. Rg3+ Kh6 35. Rh3+ Kg7 36. Rg3+ Kh6 1/2-1/2

[Event "I Open A"]
[Site "Civitanova Marche ITA"]
[Date "2006.08.03"]
[Round "6"]
[White "Altini, Daniele"]
[Black "Pulito, Alberto"]
[Result "0-1"]
[WhiteElo "2292"]
[BlackElo "2215"]
[PlyCount "102"]
[EventDate "2006.07.29"]

1. Nf3 d5 2. g3 c5 3. Bg2 Nc6 4. O-O e6 5. d3 Bd6 6. Nbd2 Nge7 7. e4 O-O 8. c3
Bd7 9. Re1 Qc7 10. Qe2 f6 11. h4 d4 12. h5 b5 13. Nf1 e5 14. Nh4 Be6 15. g4 c4
16. Nf5 Bc5 17. dxc4 Bxc4 18. Qf3 Rad8 19. b3 Be6 20. Bb2 dxc3 21. Bxc3 Nd4 22.
Nxd4 Bxd4 23. Bxd4 Rxd4 24. Ne3 h6 25. Bf1 Qb7 26. Nc2 Rd2 27. Re2 Rxe2 28.
Qxe2 Rc8 29. Nb4 a5 30. Nc2 b4 31. Rd1 Rc3 32. Rd6 Qc8 33. Ne3 Kf7 34. Qd2 Qc5
35. Nf5 Rc2 36. Qe3 Qxe3 37. Nxe3 Rxa2 38. Nd5 Ra1 39. Kg2 Bxg4 40. Bc4 Nxd5
41. Rxd5 Ke7 42. Rb5 Bxh5 43. Rb7+ Kd6 44. Rxg7 Kc5 45. Rd7 Rd1 46. Ra7 Kd4 47.
Bf7 Bxf7 48. Rxf7 Kc3 49. Ra7 Ra1 50. Ra6 Kxb3 51. Rxf6 Re1 0-1

[Event "I Open A"]
[Site "Civitanova Marche ITA"]
[Date "2006.08.03"]
[Round "6"]
[White "Brunello, Roberta"]
[Black "Rombaldoni, Axel"]
[Result "0-1"]
[WhiteElo "1863"]
[BlackElo "2169"]
[PlyCount "80"]
[EventDate "2006.07.29"]

1. e4 c5 2. Nf3 Nc6 3. d4 cxd4 4. Nxd4 d6 5. Nc3 e5 6. Nb3 Nf6 7. Bg5 Be7 8.
Bc4 Be6 9. Nd2 O-O 10. Bxf6 Bxf6 11. O-O Rc8 12. Re1 Nd4 13. Bd3 Bh4 14. Rf1 f5
15. Ne2 Nxe2+ 16. Qxe2 f4 17. Bc4 Rxc4 18. Nxc4 f3 19. gxf3 Qg5+ 20. Kh1 Qh5
21. Rg1 d5 22. Nd2 Rf6 23. Rae1 Qf7 24. b3 h6 25. Rgf1 Bg5 26. c4 Bf4 27. Rg1
Qh5 28. Rg2 Bh3 29. Nf1 Bxg2+ 30. Kxg2 d4 31. Ng3 Qf7 32. Qd3 h5 33. h4 Ra6 34.
a4 g6 35. Rh1 Qe7 36. Ne2 Bh6 37. Kg3 Rd6 38. c5 Rd8 39. b4 Kh7 40. Rd1 Rg8 0-1

[Event "I Open A"]
[Site "Civitanova Marche ITA"]
[Date "2006.08.03"]
[Round "6"]
[White "Calavalle, Giulio"]
[Black "Bukal, Vladimir jr"]
[Result "0-1"]
[WhiteElo "2200"]
[BlackElo "2407"]
[PlyCount "58"]
[EventDate "2006.07.29"]

1. e4 c5 2. Nc3 d6 3. Bc4 Nc6 4. Nge2 a6 5. a4 e6 6. d3 Nf6 7. Bg5 h6 8. Bxf6
Qxf6 9. f4 Qh4+ 10. g3 Qd8 11. O-O g5 12. f5 Ne5 13. fxe6 fxe6 14. Bb3 Qe7 15.
d4 cxd4 16. Nxd4 h5 17. Nf3 Bg7 18. Qd2 Nxf3+ 19. Rxf3 g4 20. Rf2 Be5 21. Raf1
h4 22. Rf7 Qxf7 23. Rxf7 Kxf7 24. Qf2+ Ke7 25. Ne2 hxg3 26. hxg3 Bd7 27. Nf4
Rh6 28. c3 Rah8 29. Kf1 Bxf4 0-1

[Event "I Open A"]
[Site "Civitanova Marche ITA"]
[Date "2006.08.03"]
[Round "6"]
[White "Di Caro, Calogero"]
[Black "Brancaleoni, Maurizio"]
[Result "1-0"]
[WhiteElo "2340"]
[BlackElo "2275"]
[PlyCount "59"]
[EventDate "2006.07.29"]

1. d4 d5 2. c4 e6 3. Nf3 Nf6 4. g3 Be7 5. Bg2 O-O 6. O-O dxc4 7. Qc2 a6 8. Qxc4
b5 9. Qc2 Bb7 10. Bg5 Nbd7 11. Bxf6 Nxf6 12. Nbd2 Rc8 13. Nb3 c5 14. dxc5 Be4
15. Qc3 Bd5 16. Rfd1 Ne4 17. Qe3 Qe8 18. Ne5 f5 19. Rac1 a5 20. c6 Bd6 21. Qd4
Qe7 22. Nd7 Bb4 23. Nxf8 Kxf8 24. Qb6 a4 25. Nd4 Bc4 26. Rxc4 bxc4 27. Nxe6+
Ke8 28. c7 a3 29. bxa3 c3 30. Qc6+ 1-0

[Event "I Open A"]
[Site "Civitanova Marche ITA"]
[Date "2006.08.03"]
[Round "6"]
[White "Madan, Augustin"]
[Black "Rinaudo, Sergio"]
[Result "1/2-1/2"]
[WhiteElo "2411"]
[BlackElo "2122"]
[PlyCount "135"]
[EventDate "2006.07.29"]

1. d4 Nf6 2. Nf3 c5 3. d5 b5 4. Bg5 d6 5. Bxf6 exf6 6. e4 Qa5+ 7. Nbd2 g6 8. c3
Bg7 9. a4 bxa4 10. Rxa4 Qc7 11. Bb5+ Bd7 12. Qe2 O-O 13. Bxd7 Nxd7 14. O-O Nb6
15. Ra6 Rfe8 16. Qd3 c4 17. Qc2 f5 18. exf5 Nxd5 19. Qa4 Nb6 20. Qa5 Re2 21.
fxg6 hxg6 22. Ra1 Bh6 23. Nxc4 Qxc4 24. Rxb6 Be3 25. fxe3 Qg4 26. Qg5 Rxg2+ 27.
Kh1 Qxg5 28. Nxg5 Rxg5 29. Rxd6 Re8 30. Re1 a5 31. Rd2 Rb5 32. Kg2 Reb8 33.
Ree2 Rb3 34. Rc2 Rc8 35. Kf3 a4 36. Red2 a3 37. bxa3 Rxa3 38. Rd3 Kg7 39. e4
Rc4 40. Re3 Kf6 41. Kf4 Ke6 42. Rd3 f6 43. Ke3 Ke5 44. Rd5+ Ke6 45. Kd3 Rc8 46.
Kd4 Ra1 47. c4 Rd1+ 48. Ke3 Re1+ 49. Kd3 Rd1+ 50. Kc3 Re1 51. c5 Rxe4 52. Rcd2
Rc6 53. Rd6+ Rxd6 54. Rxd6+ Ke7 55. Rd2 f5 56. Kb3 f4 57. Kc3 g5 58. Rd5 g4 59.
Kd3 Ra4 60. c6 Ra6 61. Rc5 Kd8 62. Rf5 Rxc6 63. Rxf4 Rh6 64. Rf2 Ke7 65. Ke3
Re6+ 66. Kd3 Rh6 67. Rg2 Kf6 68. Rxg4 1/2-1/2

[Event "I Open A"]
[Site "Civitanova Marche ITA"]
[Date "2006.08.03"]
[Round "6"]
[White "Morici, Marco"]
[Black "Piva, Giorgio"]
[Result "1/2-1/2"]
[WhiteElo "1805"]
[BlackElo "2129"]
[PlyCount "87"]
[EventDate "2006.07.29"]

1. c4 e5 2. Nc3 Nc6 3. Nf3 Bb4 4. a3 Bxc3 5. dxc3 d6 6. g3 Nge7 7. Bg2 Be6 8.
b3 f6 9. O-O Qd7 10. Re1 Bh3 11. Bh1 h5 12. e4 g5 13. c5 dxc5 14. Qxd7+ Bxd7
15. Be3 h4 16. Bxc5 Rh7 17. Red1 O-O-O 18. Bg2 Rdh8 19. b4 hxg3 20. fxg3 Ng6
21. Bf2 Nd8 22. Rd2 Bc6 23. Re1 Ne6 24. h4 gxh4 25. Bh3 Bd7 26. Bf5 hxg3 27.
Bxg3 Rg7 28. Kf2 Nef4 29. Rxd7 Rxd7 30. Rd1 Rhd8 31. Nh4 Ne7 32. Rxd7 Rxd7 33.
Bxd7+ Kxd7 34. Bxf4 exf4 35. Kf3 Ke6 36. Kxf4 a6 37. a4 b6 38. Nf3 c5 39. b5
axb5 40. axb5 Nc8 41. c4 Nd6 42. Nd2 Nb7 43. Nb3 Nd6 44. Nd2 1/2-1/2

[Event "I Open A"]
[Site "Civitanova Marche ITA"]
[Date "2006.08.03"]
[Round "6"]
[White "Rago, Riccardo"]
[Black "Dvirnyy, Danyyil"]
[Result "0-1"]
[WhiteElo "2090"]
[BlackElo "2280"]
[PlyCount "94"]
[EventDate "2006.07.29"]

1. e4 c5 2. Nf3 Nc6 3. d4 cxd4 4. Nxd4 d6 5. Nc3 e5 6. Nb3 Nf6 7. Be2 Be6 8.
Bg5 Be7 9. O-O O-O 10. f4 exf4 11. Bxf4 d5 12. exd5 Nxd5 13. Nxd5 Qxd5 14. Qxd5
Bxd5 15. Rad1 Rad8 16. Bc7 Rd7 17. Bc4 Rxc7 18. Bxd5 Nb4 19. c3 Nxd5 20. Rxd5
Rd8 21. Rfd1 Rxd5 22. Rxd5 g6 23. Kf2 a6 24. Kf3 f5 25. h3 Kf7 26. Nd4 h6 27.
g4 fxg4+ 28. hxg4 Bg5 29. Rd6 Re7 30. Nc2 Kg7 31. Nd4 Kf7 32. Nc2 h5 33. gxh5
gxh5 34. Rd5 Kg6 35. Rd6+ Kf7 36. Rd5 Kf6 37. Nd4 Re3+ 38. Kf2 Rd3 39. Rd6+ Ke5
40. Re6+ Kd5 41. Re2 Bh4+ 42. Kg2 Bf6 43. Nc2 a5 44. Ne3+ Kc5 45. Kf3 Bg5 46.
b4+ axb4 47. cxb4+ Kb5 0-1

[Event "I Open A"]
[Site "Civitanova Marche ITA"]
[Date "2006.08.03"]
[Round "6"]
[White "Stromboli, Carlo"]
[Black "Rombaldoni, Denis"]
[Result "0-1"]
[WhiteElo "2196"]
[BlackElo "2348"]
[PlyCount "150"]
[EventDate "2006.07.29"]

1. e4 c6 2. d4 d5 3. Nc3 dxe4 4. Nxe4 Nd7 5. Ng5 Nb6 6. Bd3 g6 7. N1f3 Bg7 8.
h3 Nh6 9. c3 O-O 10. O-O Qc7 11. Bd2 Bf5 12. Ne4 Be6 13. Qc1 Nf5 14. Bf4 Qd8
15. Nc5 Bc8 16. Re1 Nd5 17. Bxf5 gxf5 18. Bh6 e6 19. Nd3 Bxh6 20. Qxh6 Qf6 21.
Qxf6 Nxf6 22. Nf4 b6 23. Ne5 Bb7 24. Re3 Rac8 25. Rd1 Rfd8 26. Rde1 Kf8 27. Rg3
Rd6 28. Nc4 Rd7 29. Ne5 Re7 30. Nc4 Ba6 31. Ne5 c5 32. dxc5 Rxc5 33. Nfd3 Rc8
34. Nb4 Bb7 35. Nc2 Be4 36. Nd4 f4 37. Rd3 Bxd3 38. Nxd3 Nd5 39. Re4 Ke8 40.
Ne2 b5 41. Ndxf4 Rc4 42. Nxd5 exd5 43. Rxe7+ Kxe7 44. Kf1 Rc8 45. Ke1 b4 46.
Kd2 bxc3+ 47. Nxc3 Ke6 48. Kd3 Ke5 49. b3 Rg8 50. g3 Rg6 51. Ne2 Ra6 52. a4 Rf6
53. f4+ Kd6 54. b4 a5 55. bxa5 Kc5 56. h4 Rg6 57. h5 Rg8 58. a6 Ra8 59. g4 Rxa6
60. Nc3 Rf6 61. Ne2 Ra6 62. Nc3 Rb6 63. Nb5 Rf6 64. f5 Ra6 65. Nc3 h6 66. Kd2
Kc4 67. Nd1 Kd4 68. Nc3 Ke5 69. Kd3 Ra8 70. f6 d4 71. Ne4 Rxa4 72. g5 Ra3+ 73.
Kc4 Kxe4 74. g6 Rc3+ 75. Kb4 Kf5 0-1

[Event "I Open A"]
[Site "Civitanova Marche ITA"]
[Date "2006.08.04"]
[Round "7"]
[White "Brancaleoni, Maurizio"]
[Black "Tribuiani, Renato"]
[Result "1-0"]
[WhiteElo "2275"]
[BlackElo "2091"]
[PlyCount "55"]
[EventDate "2006.07.29"]

1. e4 c5 2. Nf3 a6 3. c3 g6 4. d4 b6 5. dxc5 bxc5 6. Qd5 Nc6 7. Qxc5 Nf6 8. Bd3
a5 9. O-O Bb7 10. Qe3 Ng4 11. Qf4 h5 12. h3 Bh6 13. Qg3 Bxc1 14. Rxc1 Nh6 15.
Nbd2 Qb6 16. Nc4 Qa7 17. Nce5 O-O-O 18. Nxc6 Bxc6 19. b4 f6 20. Rab1 d6 21. b5
Bb7 22. b6 Qa8 23. Nd4 Bxe4 24. Bxe4 Qxe4 25. Re1 Qb7 26. Qd3 e5 27. Qc4+ Kb8
28. Nc6+ 1-0

[Event "I Open A"]
[Site "Civitanova Marche ITA"]
[Date "2006.08.04"]
[Round "7"]
[White "Bukal, Vladimir jr"]
[Black "Brunello, Sabino"]
[Result "1/2-1/2"]
[WhiteElo "2407"]
[BlackElo "2391"]
[PlyCount "71"]
[EventDate "2006.07.29"]

1. d4 Nf6 2. Nc3 d5 3. Bg5 c6 4. e3 Nbd7 5. Nf3 Qb6 6. Rb1 g6 7. Bd3 Bg7 8. O-O
O-O 9. Re1 Re8 10. e4 dxe4 11. Nxe4 Nxe4 12. Rxe4 Nf6 13. Rh4 Be6 14. c4 Rad8
15. Qc2 c5 16. d5 Bc8 17. b4 e6 18. Rf4 e5 19. bxc5 Qa6 20. Rh4 e4 21. Rxe4
Nxe4 22. Bxe4 Bf6 23. c6 Bxg5 24. cxb7 Bxb7 25. Nxg5 Ba8 26. h4 Qf6 27. g3 Rc8
28. c5 Qe7 29. c6 h6 30. Nxf7 Qxf7 31. Bxg6 Qxd5 32. Bxe8 Rxe8 33. Qg6+ Kf8 34.
Qxh6+ Kg8 35. Qg6+ Kf8 36. Qh6+ 1/2-1/2

[Event "I Open A"]
[Site "Civitanova Marche ITA"]
[Date "2006.08.04"]
[Round "7"]
[White "Cappai, Davide"]
[Black "Altini, Daniele"]
[Result "0-1"]
[WhiteElo "2092"]
[BlackElo "2292"]
[PlyCount "124"]
[EventDate "2006.07.29"]

1. e4 c5 2. Nf3 e6 3. c4 Nc6 4. d3 g6 5. Nc3 Bg7 6. Be3 d6 7. g3 Nge7 8. Bg2
O-O 9. O-O e5 10. Qd2 Nd4 11. Nh4 Nec6 12. Nd5 Be6 13. f4 exf4 14. Bxf4 Bxd5
15. cxd5 Ne5 16. Bg5 f6 17. Be3 Ng4 18. Bxd4 cxd4 19. Bh3 Bh6 20. Qe2 Ne5 21.
Be6+ Kg7 22. Ng2 Qb6 23. Nf4 Rae8 24. Rac1 Re7 25. Qc2 Qa6 26. Rfd1 Kh8 27. a3
g5 28. Nh5 g4 29. Nf4 Rg7 30. Kf2 Ng6 31. Qd2 Qb6 32. Rc2 Bxf4 33. gxf4 f5 34.
exf5 Ne7 35. Rdc1 h5 36. Qe2 Nxf5 37. Bxf5 Rxf5 38. Rc8+ Kh7 39. Qe4 Kg6 40.
Rf8 Qxb2+ 41. Kg3 h4+ 42. Kxg4 Qxc1 43. Qe6+ Kh7+ 44. Kxf5 Qg1 45. h3 Qg3 46.
Qe8 Qxd3+ 47. Qe4 Qxe4+ 48. Kxe4 d3 49. Kxd3 Rg3+ 50. Ke4 Rxh3 51. Kf5 Rg3 52.
Ke6 h3 53. Rf7+ Rg7 54. Rf5 Rg6+ 55. Ke7 h2 56. Rh5+ Rh6 57. Rxh2 Rxh2 58. Kxd6
Rd2 59. f5 Kg7 60. Ke6 b5 61. d6 Kf8 62. Kd7 a5 0-1

[Event "I Open A"]
[Site "Civitanova Marche ITA"]
[Date "2006.08.04"]
[Round "7"]
[White "Castaldo, Folco"]
[Black "Volpinari, Danilo"]
[Result "1-0"]
[WhiteElo "2336"]
[BlackElo "2054"]
[PlyCount "99"]
[EventDate "2006.07.29"]

1. e4 d6 2. d4 g6 3. Nc3 Bg7 4. Be3 a6 5. g3 b5 6. Bg2 Bb7 7. Nge2 Nd7 8. O-O
e6 9. a4 b4 10. Na2 a5 11. c3 c5 12. dxc5 dxc5 13. Qd2 Ngf6 14. Rad1 O-O 15. e5
Nd5 16. c4 Nxe3 17. Qxe3 Bxg2 18. Kxg2 Qc7 19. f4 f6 20. exf6 Qc6+ 21. Qf3
Qxf3+ 22. Rxf3 Nxf6 23. h3 Rfd8 24. Rfd3 Rxd3 25. Rxd3 Kf7 26. Nac1 Ke7 27. b3
Ne4 28. Ng1 Bb2 29. Nge2 Bxc1 30. Nxc1 Rd8 31. Rxd8 Kxd8 32. Kf3 Nd2+ 33. Ke3
Nf1+ 34. Kf2 Nd2 35. g4 Kd7 36. Ke3 Nf1+ 37. Ke2 Ng3+ 38. Kf2 Ne4+ 39. Ke3 Ng3
40. Nd3 Kd6 41. Ne5 Nf1+ 42. Kd3 Ng3 43. Nf7+ Ke7 44. Ng5 h5 45. Nf3 hxg4 46.
hxg4 Nf1 47. Ne5 g5 48. fxg5 Ng3 49. Nc6+ Kd6 50. g6 1-0

[Event "I Open A"]
[Site "Civitanova Marche ITA"]
[Date "2006.08.04"]
[Round "7"]
[White "Dvirnyy, Danyyil"]
[Black "Madan, Augustin"]
[Result "1/2-1/2"]
[WhiteElo "2280"]
[BlackElo "2411"]
[PlyCount "85"]
[EventDate "2006.07.29"]

1. e4 g6 2. d4 c6 3. Nc3 d5 4. e5 Bg7 5. f4 h5 6. Nf3 Nh6 7. Be3 Bg4 8. h3 Bxf3
9. Qxf3 h4 10. Bd3 e6 11. O-O-O Bf8 12. Ne2 Nd7 13. Kb1 b5 14. g4 hxg3 15. h4
Nf5 16. Bxf5 gxf5 17. h5 Nb6 18. Nxg3 Bh6 19. Rdg1 Qe7 20. Nf1 Nc4 21. Bc1 Qb4
22. Rg3 Qe1 23. b3 Qb4 24. c3 Na3+ 25. Kb2 Qe7 26. Be3 a5 27. Nd2 Kd7 28. Rgg1
Rhb8 29. Bf2 b4 30. Bh4 Qf8 31. c4 dxc4 32. bxc4 b3 33. c5 Rb4 34. Kxa3 Qb8 35.
axb3 a4 36. Kb2 Ra5 37. Rb1 Rab5 38. Rhd1 Qa8 39. Ra1 Qb8 40. Rab1 Qa8 41. Ra1
Qb8 42. Ra3 Bxf4 43. Qxf4 1/2-1/2

[Event "I Open A"]
[Site "Civitanova Marche ITA"]
[Date "2006.08.04"]
[Round "7"]
[White "Pulito, Alberto"]
[Black "Di Caro, Calogero"]
[Result "0-1"]
[WhiteElo "2215"]
[BlackElo "2340"]
[PlyCount "66"]
[EventDate "2006.07.29"]

1. e4 e6 2. d4 d5 3. Nd2 Be7 4. Bd3 c5 5. dxc5 Nf6 6. Qe2 O-O 7. Ngf3 a5 8. O-O
Na6 9. e5 Nd7 10. c3 Naxc5 11. Bc2 b6 12. Re1 f6 13. Nf1 Ba6 14. Qe3 Qc7 15.
Ng3 fxe5 16. Nxe5 Nf6 17. Nf3 Bd6 18. Qg5 Rae8 19. Be3 Nce4 20. Qh4 Nxg3 21.
hxg3 e5 22. Bg5 e4 23. Nd4 Bc5 24. Rad1 Bc8 25. Bf4 Qf7 26. Ba4 Bd7 27. Bb3 a4
28. Bc2 h6 29. Be3 Ng4 30. Rd2 Re5 31. Bxa4 Nxe3 32. Bxd7 Nc4 33. Nc6 Bxf2+ 0-1

[Event "I Open A"]
[Site "Civitanova Marche ITA"]
[Date "2006.08.04"]
[Round "7"]
[White "Rinaudo, Sergio"]
[Black "Calavalle, Giulio"]
[Result "1/2-1/2"]
[WhiteElo "2122"]
[BlackElo "2200"]
[PlyCount "47"]
[EventDate "2006.07.29"]

1. d4 d6 2. e4 g6 3. Nf3 Bg7 4. Nbd2 Nf6 5. Bd3 O-O 6. O-O Nc6 7. c3 e5 8. dxe5
dxe5 9. Nc4 Qe7 10. h3 Rd8 11. Qc2 Nh5 12. Be3 Nf4 13. Bxf4 exf4 14. Rfe1 b5
15. Ncd2 b4 16. Bb5 bxc3 17. Bxc6 cxd2 18. Nxd2 Rb8 19. Rab1 Qf6 20. Bd5 c6 21.
Bb3 Ba6 22. e5 Qe7 23. Nc4 Qc5 24. Rbc1 1/2-1/2

[Event "I Open A"]
[Site "Civitanova Marche ITA"]
[Date "2006.08.04"]
[Round "7"]
[White "Rombaldoni, Axel"]
[Black "Piscopo, Pierluigi"]
[Result "0-1"]
[WhiteElo "2169"]
[BlackElo "2393"]
[PlyCount "100"]
[EventDate "2006.07.29"]

1. e4 c5 2. Nf3 Nc6 3. d4 cxd4 4. Nxd4 Nf6 5. Nc3 e5 6. Ndb5 d6 7. Nd5 Nxd5 8.
exd5 Ne7 9. c3 Nf5 10. a4 g6 11. Bd3 Bg7 12. O-O O-O 13. Qb3 Re8 14. Qc4 Bd7
15. Qb4 a6 16. Na3 Rb8 17. a5 Qc7 18. Rd1 Rbc8 19. Nc4 e4 20. Bf1 Bb5 21. Nb6
Bxf1 22. Rxf1 Rcd8 23. Bf4 e3 24. fxe3 Nxe3 25. Bxe3 Rxe3 26. Rae1 Qe7 27. Rxe3
Qxe3+ 28. Kh1 Be5 29. Qh4 Re8 30. Nc4 Qd3 31. Qf2 Qxd5 32. Nb6 Qe6 33. Qf3 Rb8
34. Re1 Qb3 35. Rf1 f5 36. Rf2 Qa2 37. b4 Qb1+ 38. Rf1 Qe4 39. Qxe4 fxe4 40.
Nd5 Rf8 41. Re1 Rf2 42. g3 Rd2 43. Nb6 d5 44. c4 Bc3 45. cxd5 Rxh2+ 46. Kxh2
Bxe1 47. d6 Bxb4 48. d7 Be7 49. Nc8 Kf7 50. Nd6+ Ke6 0-1